| 000 | 00365nam a2200145Ia 4500 | ||
|---|---|---|---|
| 008 | 230312s9999||||xx |||||||||||||| ||und|| | ||
| 020 | _a1-4160-4013-2 | ||
| 082 |
_a615 _bWEI-D |
||
| 100 | _aWeiner;Carl.P | ||
| 245 | 0 | _aDrugs for Pregnant and Lactating Women | |
| 260 |
_bElsevier _aChina _c2009 |
||
| 300 | _a1302 | ||
| 650 |
_aMedical _vGynaecology |
||
| 942 | _cBK | ||
| 999 |
_c10382 _d10382 |
||